<?xml version="1.0" encoding="UTF-8"?><?xml-stylesheet type="text/xsl" href="static/style.xsl"?><OAI-PMH xmlns="http://www.openarchives.org/OAI/2.0/" xmlns:xsi="http://www.w3.org/2001/XMLSchema-instance" xsi:schemaLocation="http://www.openarchives.org/OAI/2.0/ http://www.openarchives.org/OAI/2.0/OAI-PMH.xsd"><responseDate>2026-04-28T19:51:30Z</responseDate><request verb="GetRecord" identifier="oai:uvadoc.uva.es:10324/81502" metadataPrefix="marc">https://uvadoc.uva.es/oai/request</request><GetRecord><record><header><identifier>oai:uvadoc.uva.es:10324/81502</identifier><datestamp>2026-03-26T08:15:00Z</datestamp><setSpec>com_10324_1142</setSpec><setSpec>com_10324_931</setSpec><setSpec>com_10324_894</setSpec><setSpec>col_10324_1259</setSpec></header><metadata><record xmlns="http://www.loc.gov/MARC21/slim" xmlns:doc="http://www.lyncode.com/xoai" xmlns:xsi="http://www.w3.org/2001/XMLSchema-instance" xmlns:dcterms="http://purl.org/dc/terms/" xsi:schemaLocation="http://www.loc.gov/MARC21/slim http://www.loc.gov/standards/marcxml/schema/MARC21slim.xsd">
<leader>00925njm 22002777a 4500</leader>
<datafield tag="042" ind1=" " ind2=" ">
<subfield code="a">dc</subfield>
</datafield>
<datafield tag="720" ind1=" " ind2=" ">
<subfield code="a">Palacios Sanz, José Ignacio</subfield>
<subfield code="e">author</subfield>
</datafield>
<datafield tag="260" ind1=" " ind2=" ">
<subfield code="c">2021</subfield>
</datafield>
<datafield tag="520" ind1=" " ind2=" ">
<subfield code="a">Es un estudio basado en una amplia docuemntación sobre la construcción y mantenimeintos del gran órgano de la catedral-basílica de El Pilar de Zaragoza desde 1930, su inauguración en 1957 y los diferentes avatares hasta la construcción del nuevo instrumento en el año 2007, junto al otro que existe en el conocido Coreto.</subfield>
</datafield>
<datafield tag="024" ind2=" " ind1="8">
<subfield code="a">Antonio Ezquerro Esteban y Luis Antonio González Marín (coords.), Estudios sobre recuperación del patrimonio musical histórico. Scripta musicologica en torno a la figura del Dr. José Vicente González Valle</subfield>
</datafield>
<datafield tag="024" ind2=" " ind1="8">
<subfield code="a">978-84-18802-63-8</subfield>
</datafield>
<datafield tag="024" ind2=" " ind1="8">
<subfield code="a">https://uvadoc.uva.es/handle/10324/81502</subfield>
</datafield>
<datafield tag="245" ind1="0" ind2="0">
<subfield code="a">El órgano mayor de la Catedral-Basílica de Nuestra Señora del Pilar de Zarzagoza de 1930 a 2007</subfield>
</datafield>
</record></metadata></record></GetRecord></OAI-PMH>